<?xml version="1.0" encoding="UTF-8"?>
<marc:record xmlns:marc="http://www.loc.gov/MARC21/slim">
   <marc:leader>00000nam a2200000 a 4500</marc:leader>
   <marc:datafield ind1="1" ind2=" " tag="100">
      <marc:subfield code="a">Eitel, Alfred</marc:subfield>
      <marc:subfield code="4">ctb</marc:subfield>
      <marc:subfield code="e">Mitwirkende/-r</marc:subfield>
   </marc:datafield>
   <marc:datafield ind1=" " ind2=" " tag="653">
      <marc:subfield code="a">Geschichte</marc:subfield>
   </marc:datafield>
   <marc:datafield ind1=" " ind2=" " tag="653">
      <marc:subfield code="a">Ballonfahrt</marc:subfield>
   </marc:datafield>
   <marc:datafield ind1=" " ind2=" " tag="653">
      <marc:subfield code="a">Softcover / Ratgeber/Sport/Autosport</marc:subfield>
   </marc:datafield>
   <marc:datafield ind1=" " ind2=" " tag="653">
      <marc:subfield code="a">Motorradsport</marc:subfield>
   </marc:datafield>
   <marc:datafield ind1=" " ind2=" " tag="653">
      <marc:subfield code="a">Radsport</marc:subfield>
   </marc:datafield>
   <marc:datafield ind1=" " ind2=" " tag="653">
      <marc:subfield code="a">Flugsport</marc:subfield>
   </marc:datafield>
   <marc:datafield ind1=" " ind2=" " tag="653">
      <marc:subfield code="a">Bildband</marc:subfield>
   </marc:datafield>
   <marc:datafield ind1="0" ind2="0" tag="245">
      <marc:subfield code="a">Das neue österreichische Ballonbuch</marc:subfield>
   </marc:datafield>
   <marc:datafield ind1="0" ind2="0" tag="245">
      <marc:subfield code="b">die Ballonfahrt in Österreich von den Anfängen bis heute</marc:subfield>
   </marc:datafield>
   <marc:datafield ind1="0" ind2="0" tag="245">
      <marc:subfield code="c">Sektion Ballon im Österreichischen Aero-Club. Alfred Eitel</marc:subfield>
   </marc:datafield>
   <marc:datafield ind1=" " ind2="1" tag="264">
      <marc:subfield code="a">St. Johann bei Herberstein</marc:subfield>
      <marc:subfield code="b">Österr. Aero-Club, Sekt. Ballonfahrt</marc:subfield>
   </marc:datafield>
   <marc:datafield ind1="1" ind2=" " tag="520">
      <marc:subfield code="a">Angaben aus der Verlagsmeldung

Das neue österreichische Ballonbuch / von Alfred Eitel

Weltrekordler, Weltmeister, unerschrockene Abenteurer, Erfinder und sogar Nobelpreisträger gehören zur österreichischen Ballonfahrerfamilie. Ihre spannenden Erlebnisse sind in dem Buch interessant beschrieben.
Der Leser kann sich an mehr als hundert ausgesucht schönen und bisher noch nie gezeigten Ballonbildern erfreuen.

Lernen Sie die Gestalter und Träger der österreichischen Ballonszene kennen, die schon hunderttausenden Österreichern die Faszination des Schwebens in einem Ballonkorb über unsere einzigartig schöne Landschaft ermöglicht haben.

In diesem hochaktuellen Buch erfahren Sie interessante Details über den modernen Ballonwettkampf, über Ballonmeetings als Publikumsmagnete sowie darüber, wie Ballonsonderformen konstruiert werden und was sich Passagiere über ihre Ballonfahrten erzählen bzw. was sie besonders beeindruckt.

Unmittelbar nach ihrer Erfindung im Jahr 1783 begeisterte sich Österreich bereits für die Ballonfahrt, und so ist die Geschichte der Ballonfahrt ein Teil der Geschichte Österreichs: sie gehört zur Tradition und stellt ein Kulturgut dar.

Eine Galerie der Ballonpiloten und ihrer Ballone rundet das Bild ab.
</marc:subfield>
   </marc:datafield>
   <marc:datafield ind1=" " ind2=" " tag="020">
      <marc:subfield code="a">9783200016583</marc:subfield>
      <marc:subfield code="9">9783200016583</marc:subfield>
   </marc:datafield>
   <marc:datafield ind1=" " ind2=" " tag="041">
      <marc:subfield code="a">ger</marc:subfield>
   </marc:datafield>
   <marc:datafield ind1=" " ind2=" " tag="300">
      <marc:subfield code="a">192 S.</marc:subfield>
   </marc:datafield>
</marc:record>
